000 00797nam a2200241Ia 4500
003 OSt
005 20220923225452.0
006 a|||||r|||| 00| 0
007 ta
008 220922b |||||||| |||| 00| 0 hin d
024 _a268,566
037 _cTextual
040 _aARTS
_cARTS
_bhin
041 _2hin
_ahin
082 _aO152,1M89:g(P), N2
100 _aपाण्डेय, कृपा शंकर
245 0 _aछायावाद की खड़ी बोली और प्रसाद
246 _aChhāyāvād kī khaड़ī bolī aur prasāda
260 _c1992
650 _aहिन्दी साहित्य
_9156264
942 _hO152,1M89:g(P), N2
_cTEXL
_2CC
999 _c378432
_d378432